GOL DELL'ITALIA NEGLI EUROPEI E MONDIALI DAL 1982 - Statistics

Statistiche generali
  • Questo quiz è stato fatto 1.082 volte
  • Il punteggio medio è 74 su 112
Statistiche sulle risposte
COMPETIZIONE PARTITA RISULTATO MARCATORE . % Corretto
MONDIALI 2006 ITALIA-GERMANIA 2-0 DEL PIERO SEMIFINALE
91%
EUROPEI 2016 ITALIA-GERMANIA 1-1 BONUCCI QUARTI
90%
EUROPEI 2020 ITALIA-INGHILTERRA 1-1 BONUCCI FINALE
90%
EUROPEI 2000 ITALIA-SVEZIA 2-1 DEL PIERO GIRONI
90%
MONDIALI 2002 ITALIA-MESSICO 1-1 DEL PIERO GIRONI
90%
MONDIALI 2006 ITALIA-AUSTRALIA 1-0 TOTTI OTTAVI
90%
EUROPEI 2020 ITALIA-AUSTRIA 2-1 CHIESA OTTAVI
89%
EUROPEI 2020 ITALIA-SPAGNA 1-1 CHIESA SEMIFINALE
89%
EUROPEI 2020 ITALIA-TURCHIA 3-0 IMMOBILE GIRONI
89%
EUROPEI 2020 ITALIA-SVIZZERA 3-0 IMMOBILE GIRONI
89%
EUROPEI 2000 ITALIA-BELGIO 2-0 TOTTI GIRONI
89%
EUROPEI 2000 ITALIA-ROMANIA 2-0 TOTTI QUARTI
89%
EUROPEI 2020 ITALIA-BELGIO 2-1 INSIGNE QUARTI
88%
EUROPEI 1996 ITALIA-CECOSLOVACCHIA 1-2 CHIESA GIRONI
87%
EUROPEI 2020 ITALIA-TURCHIA 3-0 INSIGNE GIRONI
87%
MONDIALI 1982 ITALIA-BRASILE 3-2 ROSSI SECONDO GIRONE
87%
MONDIALI 1982 ITALIA-BRASILE 3-2 ROSSI SECONDO GIRONE
87%
MONDIALI 1982 ITALIA-BRASILE 3-2 ROSSI SECONDO GIRONE
87%
MONDIALI 1982 ITALIA-POLONIA 2-0 ROSSI SEMIFINALE
87%
MONDIALI 1982 ITALIA-POLONIA 2-0 ROSSI SEMIFINALE
87%
MONDIALI 1982 ITALIA-GERMANIA 3-1 ROSSI FINALE
87%
MONDIALI 2006 ITALIA-GHANA 2-0 PIRLO GIRONI
84%
EUROPEI 2008 ITALIA-FRANCIA 2-0 PIRLO GIRONI
83%
EUROPEI 2012 ITALIA-CROAZIA 1-1 PIRLO GIRONI
83%
EUROPEI 2012 ITALIA-GERMANIA 2-1 BALOTELLI SEMIFINALE
82%
EUROPEI 2012 ITALIA-GERMANIA 2-1 BALOTELLI SEMIFINALE
82%
MONDIALI 2014 ITALIA-INGHILTERRA 2-1 BALOTELLI GIRONI
82%
MONDIALI 1990 ITALIA-CECOSLOVACCHIA 2-0 BAGGIO GIRONI
81%
MONDIALI 1990 ITALIA-INGHILTERRA 2-0 BAGGIO FINALE 3 POSTO
81%
MONDIALI 1994 ITALIA-NORVEGIA 1-0 BAGGIO GIRONI
81%
MONDIALI 1994 ITALIA-NIGERIA 2-1 BAGGIO OTTAVI
81%
MONDIALI 1994 ITALIA-NIGERIA 2-1 BAGGIO OTTAVI
81%
MONDIALI 1994 ITALIA-SPAGNA 2-1 BAGGIO QUARTI
81%
MONDIALI 1994 ITALIA-SPAGNA 2-1 BAGGIO QUARTI
81%
MONDIALI 1994 ITALIA-BULGARIA 2-1 BAGGIO SEMIFINALE
81%
MONDIALI 1994 ITALIA-BULGARIA 2-1 BAGGIO SEMIFINALE
81%
MONDIALI 1998 ITALIA-CILE 2-2 BAGGIO GIRONI
81%
MONDIALI 1998 ITALIA-AUSTRIA 2-1 BAGGIO GIRONI
81%
EUROPEI 2012 ITALIA-IRLANDA 2-0 BALOTELLI GIRONI
81%
EUROPEI 2016 ITALIA-SPAGNA 2-0 CHIELLINI OTTAVI
80%
MONDIALI 2006 ITALIA-GERMANIA 2-0 GROSSO SEMIFINALE
80%
MONDIALI 2006 ITALIA-FRANCIA 1-1 MATERAZZI FINALE
80%
MONDIALI 2006 ITALIA-REP. CECA 2-0 MATERAZZI GIRONI
79%
EUROPEI 2020 ITALIA-BELGIO 2-1 BARELLA QUARTI
78%
MONDIALI 2006 ITALIA-UCRAINA 3-0 TONI QUARTI
78%
MONDIALI 2006 ITALIA-UCRAINA 3-0 TONI QUARTI
78%
MONDIALI 2006 ITALIA-REP. CECA 2-0 INZAGHI GIRONI
77%
EUROPEI 2020 ITALIA-GALLES 1-0 PESSINA GIRONI
77%
EUROPEI 2000 ITALIA-TURCHIA 2-1 INZAGHI GIRONI
76%
EUROPEI 2000 ITALIA-ROMANIA 2-0 INZAGHI QUARTI
76%
EUROPEI 2016 ITALIA-BELGIO 2-0 PELLE GIRONI
76%
EUROPEI 2016 ITALIA-SPAGNA 2-0 PELLE OTTAVI
76%
EUROPEI 2020 ITALIA-AUSTRIA 2-1 PESSINA OTTAVI
76%
EUROPEI 2020 ITALIA-SVIZZERA 3-0 LOCATELLI GIRONI
74%
EUROPEI 2020 ITALIA-SVIZZERA 3-0 LOCATELLI GIRONI
74%
MONDIALI 1998 ITALIA-CILE 2-2 VIERI GIRONI
72%
MONDIALI 1998 ITALIA-AUSTRIA 2-1 VIERI GIRONI
72%
MONDIALI 1998 ITALIA-CAMERUN 3-0 VIERI GIRONI
72%
MONDIALI 1998 ITALIA-NORVEGIA 1-0 VIERI OTTAVI
72%
MONDIALI 2002 ITALIA-ECUADOR 2-0 VIERI GIRONI
72%
MONDIALI 2002 ITALIA-ECUADOR 2-0 VIERI GIRONI
72%
MONDIALI 2002 ITALIA-CROAZIA 1-2 VIERI GIRONI
72%
MONDIALI 2002 ITALIA-COREA DEL SUD 1-2 VIERI OTTAVI
72%
MONDIALI 1998 ITALIA-CAMERUN 3-0 VIERI GIRONI
71%
EUROPEI 2004 ITALIA-SVEZIA 1-1 CASSANO GIRONI
68%
EUROPEI 2004 ITALIA-BULGARIA 2-1 CASSANO GIRONI
68%
EUROPEI 2012 ITALIA-IRLANDA 2-0 CASSANO GIRONI
68%
MONDIALI 2006 ITALIA-UCRAINA 3-0 ZAMBROTTA QUARTI
68%
EUROPEI 2008 ITALIA-FRANCIA 2-0 DE ROSSI GIRONI
66%
MONDIALI 2010 ITALIA-PARAGUAY 1-1 DE ROSSI GIRONI
66%
MONDIALI 2006 ITALIA-USA 1-1 GILARDINO GIRONI
66%
EUROPEI 2016 ITALIA-SVEZIA 1-0 EDER GIRONI
63%
MONDIALI 2014 ITALIA-INGHILTERRA 2-1 MARCHISIO GIRONI
63%
MONDIALI 2010 ITALIA-SLOVACCHIA 2-3 DI NATALE GIRONI
60%
EUROPEI 2012 ITALIA-SPAGNA 1-1 DI NATALE GIRONI
60%
MONDIALI 2006 ITALIA-GHANA 2-0 IAQUINTA GIRONI
60%
EUROPEI 2016 ITALIA-BELGIO 2-0 GIACCHERINI GIRONI
59%
MONDIALI 2010 ITALIA-NUOVA ZELANDA 1-1 IAQUINTA GIRONI
59%
MONDIALI 1982 ITALIA-GERMANIA 3-1 TARDELLI FINALE
59%
MONDIALI 1982 ITALIA-ARGENTINA 2-1 TARDELLI SECONDO GIRONE
58%
MONDIALI 2010 ITALIA-SLOVACCHIA 2-3 QUAGLIARELLA GIRONI
53%
MONDIALI 1990 ITALIA-AUSTRIA 1-0 SCHILLACI GIRONI
53%
MONDIALI 1990 ITALIA-CECOSLOVACCHIA 2-0 SCHILLACI GIRONI
53%
MONDIALI 1990 ITALIA-URUGUAY 2-0 SCHILLACI OTTAVI
53%
MONDIALI 1990 ITALIA-IRLANDA 1-0 SCHILLACI QUARTI
53%
MONDIALI 1990 ITALIA-ARGENTINA 1-1 SCHILLACI SEMIFINALE
53%
MONDIALI 1990 ITALIA-INGHILTERRA 2-0 SCHILLACI FINALE 3 POSTO
53%
EUROPEI 1988 ITALIA-SPAGNA 1-0 VIALLI GIRONI
46%
MONDIALI 1982 ITALIA-GERMANIA 3-1 ALTOBELLI FINALE
45%
MONDIALI 1986 ITALIA-COREA DEL SUD 3-2 ALTOBELLI GIRONI
45%
MONDIALI 1986 ITALIA-COREA DEL SUD 3-2 ALTOBELLI GIRONI
45%
MONDIALI 1986 ITALIA-BULGARIA 1-1 ALTOBELLI GIRONI
45%
MONDIALI 1986 ITALIA-ARGENTINA 1-1 ALTOBELLI GIRONI
45%
EUROPEI 1988 ITALIA-DANIMARCA 2-0 ALTOBELLI GIRONI
44%
EUROPEI 1988 ITALIA-GERMANIA 1-1 MANCINI GIRONI
44%
EUROPEI 2020 ITALIA-TURCHIA 3-0 AUTOGOL GIRONI
41%
MONDIALI 1982 ITALIA-ARGENTINA 2-1 CABRINI SECONDO GIRONE
35%
MONDIALI 1982 ITALIA-PERU 1-1 CONTI GIRONI
35%
EUROPEI 2004 ITALIA-BULGARIA 2-1 PERROTTA GIRONI
34%
EUROPEI 2000 ITALIA-FRANCIA 1-2 DEL VECCHIO FINALE
32%
MONDIALI 1982 ITALIA-CAMERUN 1-1 GRAZIANI GIRONI
32%
MONDIALI 1998 ITALIA-CAMERUN 3-0 DI BIAGIO GIRONI
31%
EUROPEI 2000 ITALIA-SVEZIA 2-1 DI BIAGIO GIRONI
31%
EUROPEI 2000 ITALIA-TURCHIA 2-1 CONTE GIRONI
28%
EUROPEI 1996 ITALIA-RUSSIA 2-1 CASIRAGHI GIRONI
18%
EUROPEI 1996 ITALIA-RUSSIA 2-1 CASIRAGHI GIRONI
18%
EUROPEI 2008 ITALIA-ROMANIA 1-1 PANUCCI GIRONI
18%
MONDIALI 1994 ITALIA-MESSICO 1-1 MASSARO GIRONI
17%
MONDIALI 1990 ITALIA-URUGUAY 2-0 SERENA OTTAVI
17%
EUROPEI 2000 ITALIA-BELGIO 2-0 FIORE GIRONI
14%
MONDIALI 1990 ITALIA-USA 1-0 GIANNINI GIRONI
14%
EUROPEI 1988 ITALIA-DANIMARCA 2-0 DE AGOSTINI GIRONI
6%
Nessun quiz corrispondente trovato
Distribuzione punteggi
Percentuale di utenti per punteggio
Percentile per numero di risposta
I tuoi punteggi nel tempo
Non hai fatto questo quiz